| 000 | 01046cam a22003015a 4500 | ||
|---|---|---|---|
| 001 | 15587272 | ||
| 005 | 20201128023745.0 | ||
| 008 | 090114s2008 enka frb f001 0 eng d | ||
| 020 | _a9780521731867 | ||
| 040 |
_aUKM _cUKM _dBTCTA _dBAKER _dYDXCP _dNLGGC _dBWX _dOCLCQ _dBWK _dCDX _dIXA _dIAY _dDLC _dEG-ScBUE _beng |
||
| 041 | 1 |
_aeng _hger |
|
| 043 | _ae------ | ||
| 082 | 0 | 4 |
_222 _a332.494 _bISS |
| 100 | 1 |
_aIssing, Otmar. _940089 |
|
| 245 | 1 | 4 |
_aThe birth of the Euro / _cOtmar Issing ; translated by Nigel Hulbert. |
| 260 |
_aCambridge ; _aNew York : _bCambridge University Press, _c2008. |
||
| 300 |
_axiv, 260 p. : _bill. ; _c23 cm. |
||
| 500 | _aIndex : p. 245-260. | ||
| 504 | _aIncludes bibliographical references. | ||
| 546 | _aText in English ; translated from the original German. | ||
| 650 | 0 |
_aEuro. _2BUEsh |
|
| 650 | 0 |
_aEurozone. _2BUEsh |
|
| 650 | 0 |
_aMonetary policy _zEurope. _2BUEsh |
|
| 651 | 7 |
_aEurope _xEconomic integration. _2BUEsh _92766 |
|
| 653 |
_bBUSADM _cMay2016 |
||
| 700 | 1 |
_aHulbert, Nigel, _etranslator. |
|
| 942 | _2ddc | ||
| 999 |
_c21817 _d21789 |
||